00770 2200301 4500001002100000005001500021035002000036007000300056040001700059100002300076245003900099250001000138300003400148020001800182041000800200082000800208084001600216090002100232264003600253336002100289337003000310338002300340650001600363850001000379008004100389990001600430990002200446INLIS00000000000931820260422075625 a0010-1122000277ta aSBPUPADbind0 aZurainiePengarang1 aAyam Jantan Panji Laras /cZuraini aCet.2 aiv, 20 hlm. :bilus. ;c18 cm a979-666-330-90 bind a398 a398.2 ZUR a a398.2 ZUR a 26-1 aJakarta :bBalai Pustaka,c2001 2rdacontentateks 2rdamediaatanpa perantara 2rdacarrieravolume 4aBuku Cerita aPUPAD260422 1  a4134/B-2008 a26.023/H/DPK/2018